000
00374nam a2200133Ia 4500
003
GCL
008
140319s9999 xx 000 0 ara d
040
_a
GCL /
_c
GCL
082
0
4
_a
201
_b
*ج د
245
1
0
_a
الدين الطبيعى
260
_a
[S.N] :
_b
المؤسسة الجامعية للدراسات والنشر والتوزيع ،
_c
1993
300
_a
152
490
_a
999
_c
54965
_d
54965